الصراع في العالم في الألفية الجديدة / (رقم التسجيلة. 91723)

تفاصيل مارك
000 -الفاتح
عناصر البيانات ثابتة الطول 00785cam a2200205 i 4500
005 - تاريخ ووقت آخر معاملة
حقل ضبط 20260115104455.0
008 - عناصر البيانات ثابتة الطول
عناصر البيانات ثابتة الطول 250721s2003 gr 000 0 ara d
041 ## - كود اللغة
كود اللغة لنص/مسار صوت أو عنوان منفصل ara
كود اللغة للأصل eng
082 14 - رقم تصنيف ديوي العشري
رقم التصنيف 320.5
رقم المادة س ي ن
100 1# - مدخل رئيسي – اسم شخصي
الاسم الشخصي سينجر، دانييل
علاقة الشخص بالعمل/ دوره مؤلف.
245 12 - بيان العنوان
العنوان الصراع في العالم في الألفية الجديدة /
بيان المسؤولية دانييل سينجر ؛ ترجمة مازن الحسيني.
264 31 - بيانات النشر، التوزيع…إلخ
مكان النشر، التوزيع...إلخ رام الله :
اسم الناشر، الموزع...إلخ دار التنوير للنشر والتوزيع،
تاريخ النشر، التوزيع...إلخ 2003.
300 ## - الوصف المادي
عدد الوحدات المكونة للوعاء 296 صفحة.
650 17 - مدخل إضافي بالموضوع - مصطلح موضوعي
مصطلح موضوعي أو اسم جغرافي كعنصر مدخل العلوم السياسية.
650 17 - مدخل إضافي بالموضوع - مصطلح موضوعي
مصطلح موضوعي أو اسم جغرافي كعنصر مدخل المذاهب السياسية.
650 17 - مدخل إضافي بالموضوع - مصطلح موضوعي
مصطلح موضوعي أو اسم جغرافي كعنصر مدخل تاريخ أوروبا.
700 1# - مدخل إضافي - اسم شخصي
الاسم الشخصي الحسيني، مازن
علاقة الشخص بالعمل/ دوره مترجم. .
942 ## - بيانات إضافية (كوها)
نوع التنصيف Dewey Decimal Classification
نوع المادة (كوها) كتب
المقتنيات
حالة السحب حالة الفقدان مصدر التصنيف حالة التلف غير قابل للإعارة المكتبة الرئيسية المكتبة الحالية موقع الرف تاريخ التزويد الرقم المتسلسل Total Checkouts رقم الإستدعاء الباركود تاريخ آخر ظهور تاريخ الفاتورة نوع المادة (كوها)
    Dewey Decimal Classification     المكتبة المركزية المكتبة المركزية الإعارة 28/07/2025 811446   320.5 /س ي ن 811446 28/07/2025 28/07/2025 كتب
    Dewey Decimal Classification     المكتبة المركزية المكتبة المركزية الإعارة 28/07/2025 811447   320.5 / س ي ن 811447 28/07/2025 28/07/2025 كتب
    Dewey Decimal Classification     مكتبة الجويدة مكتبة الجويدة الإعارة 26/10/2010 1456894   320.5/سين PLD00165134 28/07/2025 26/10/2010 كتب
Implemented & Customized by: BBB with SCIT (Smart Chains for Information Technology)

Powered by Koha